000 00908nas a22002297a 4500
999 _c121083
_d121083
001 K121083
007 ta
008 190809b2019 ||||| |||| 00| 0 eng d
041 _aeng
100 _aDetter, Dag
245 _aPublic benefit
490 _aRICS Property Journal
_vJuly/August 2019, 26-27 (2)
520 _aSuggests that using modern accounting techniques toestimates of publicly owned real estate around the world may be worth as much has global GDP. Countries such as Singapore and New Zealand use accrual accounting discusses the advantages of doing this.
650 _aPUBLIC SECTOR
650 _aASSET MANAGEMENT
650 _aACCOUNTING
651 _aUnited Kingdom 1973
690 _96250
_aInvestments
690 _96241
_aFinance & taxation
690 _96273
_aValuation
856 _uhttps://issuu.com/ricsmodus/docs/property_journal_july-aug_2019/34
_yAvailable free online via Issuu